The Frankenstein collection

Bibliographic Details
Other Authors: Haining, Peter (edited)
Format: Book
Published: London : Artus Books , 1994
Subjects:

MARC

LEADER 00000cam a2200000 7i4500
001 0000006467
002 000006979
005 20000330.0
020 |a 1898799016 
090 0 0 |a F   |b FRA 
245 1 4 |a The Frankenstein collection   |c edited by Peter Haining 
260 |a London :   |b Artus Books ,   |c 1994 
300 |a 645p. ;   |c 23cm. 
650 0 0 |a Horror fiction 
700 1 |a Haining, Peter ,   |e edited 
999 |a 038036   |b BUKU   |c PINJAMAN   |e PERPUSTAKAAN KOMUNITI PETALING JAYA 
999 |a 058251   |b BUKU   |c PINJAMAN   |e PERPUSTAKAAN KOMUNITI PETALING JAYA